000 00437nam a2200181Ia 4500
001 3252
005 20260306144907.0
008 260306t2011||||xx |||||||||||||| ||spa||
041 _aESP
082 _a262.91
_bJ81E 2011
100 _aJuan Pablo II, Papa
_eAUT
245 0 _aEncĂ­clicas del Beato Juan Pablo II
260 _c2011
300 _a1871 páginas :
_c21 cm.
650 _aGEN
654 _aCHU
942 _cLIB
_dJUS
_fJUS
_2ddc
_n
999 _c3252
_d3252